El concepto de lo extremeño (Record no. 46406)

MARC details
000 -LEADER
campo de control de longitud fija 01154nam a2200241 i 4500
001 - NÚMERO DE CONTROL
campo de control 46406
003 - IDENTIFICADOR DE NÚMERO DE CONTROL
campo de control ES-MaACL
005 - FECHA Y HORA DE LA ÚLTIMA TRANSACCIÓN
campo de control 20230906161358.0
007 - CAMPO FIJO DE DESCRIPCIÓN FÍSICA--INFORMACIÓN GENERAL
campo de control de longitud fija t|
008 - DATOS DE LONGITUD FIJA--INFORMACIÓN GENERAL
campo de control de longitud fija 030328s1949 sp ||||1| spa d
245 03 - MENCIÓN DEL TÍTULO
Título El concepto de lo extremeño
Resto del título : (resúmenes de estudios durante el curso 1948-1949).
260 ## - PUBLICACIÓN, DISTRIBUCIÓN, ETC.
Lugar de publicación, distribución, etc. Salamanca :
Nombre del editor, distribuidor, etc. [s.n.],
Fecha de publicación, distribución, etc. 1949 (
Fabricante Imp. Comercial Salmantina)
300 ## - DESCRIPCIÓN FÍSICA
Extensión 26 p. ;
Dimensiones 24 cm.
500 ## - NOTA GENERAL
Nota general Precede al tít.: Universidad de Salamanca. Seminario de Estudios Extremeños.
505 8# - NOTA DE CONTENIDO CON FORMATO
Nota de contenido con formato Contiene: En la etnología y en la historia / Marino Barbero Santos. En el tipo humano de sus conquistadores / Modesto Serna Moreno. En el folklore / Antonio Alvarez Joven. En las letras / Arturo Alvarez Joven. En la filosofía y en el arte / Francisco Elías de Tejada
700 1# - ENTRADA AGREGADA--NOMBRE PERSONAL
Nombre de persona Barbero Santos, Marino.
9 (RLIN) 25445
700 1# - ENTRADA AGREGADA--NOMBRE PERSONAL
Nombre de persona Serna Morerno, Modesto.
9 (RLIN) 105585
700 1# - ENTRADA AGREGADA--NOMBRE PERSONAL
Nombre de persona Alvarez Joven, Antonio.
9 (RLIN) 20845
700 1# - ENTRADA AGREGADA--NOMBRE PERSONAL
Nombre de persona Álvarez Joven, Arturo.
9 (RLIN) 20846
700 1# - ENTRADA AGREGADA--NOMBRE PERSONAL
Nombre de persona Elías de Tejada, Francisco.
9 (RLIN) 46976
710 2# - ENTRADA AGREGADA--NOMBRE DE ENTIDAD CORPORATIVA
Nombre de entidad corporativa o nombre de jurisdicción como elemento de entrada Universidad de Salamanca.
Unidad subordinada Seminario de Estudios Extremeños.
9 (RLIN) 7290
852 ## - LOCALIZACIÓN
Ubicación ES-MaACL
Número de control de estantería 1865-F-23
Sublocalización o colección R.26064
Holdings
Estatus retirado Estado de pérdida Estado de daño No para préstamo Colección Biblioteca de origen Biblioteca actual Ubicación en estantería Fecha de adquisición Fuente de adquisición Total de préstamos Signatura topográfica completa Código de barras Visto por última vez Precio de reemplazo Tipo de ítem Koha
        Colección de folletos Biblioteca del Ateneo de Madrid Biblioteca del Ateneo de Madrid Depósito folletos 17/01/2008     1865-F-23 1048806 23/02/2023 23/02/2023 Folleto